| Tag |
First Indicator |
Second Indicator |
Subfields |
| LEADER |
00000cam a2200000Ka 4500 |
| 001 |
in00001689113 |
| 005 |
20220106092019.0 |
| 006 |
m d f |
| 007 |
cr cn||||||||| |
| 008 |
020614s2002 dcu s f000 0 eng d |
| 035 |
|
|
|a (OCoLC)ocm49999632
|
| 040 |
|
|
|a GPO
|b eng
|c GPO
|d MvI
|
| 049 |
|
|
|a WWW
|
| 074 |
|
|
|a 1063-K (online)
|
| 086 |
0 |
|
|a Y 3.P 31:20/86
|
| 100 |
1 |
|
|a Ward, Kathy.
|
| 245 |
1 |
0 |
|a Advancing human rights and peace in a complex world.
|
| 264 |
|
1 |
|a Washington, DC :
|b U.S. Institute of Peace,
|c [2002]
|
| 336 |
|
|
|a text
|b txt
|2 rdacontent
|
| 337 |
|
|
|a computer
|b c
|2 rdamedia
|
| 338 |
|
|
|a online resource
|b cr
|2 rdacarrier
|
| 490 |
1 |
|
|a Special report ;
|v 86
|
| 500 |
|
|
|a Title from title screen.
|
| 538 |
|
|
|a Mode of access: Internet from the USIP web site. Address as of 6/14/02: http://www.usip.org/pubs/specialreports/sr86.pdf; current access is available via PURL.
|
| 538 |
|
|
|a System requirements: Adobe Acrobat Reader.
|
| 650 |
|
0 |
|a Human rights advocacy.
|
| 650 |
|
0 |
|a Pacific settlement of international disputes.
|
| 650 |
|
0 |
|a Reconciliation.
|
| 710 |
2 |
|
|a United States Institute of Peace.
|
| 830 |
|
0 |
|a Special report (United States Institute of Peace) ;
|v 86.
|
| 856 |
4 |
0 |
|u https://purl.fdlp.gov/GPO/LPS19724
|t 0
|
| 856 |
4 |
0 |
|u https://purl.fdlp.gov/GPO/LPS19724
|z Adobe Acrobat reader required
|t 0
|
| 999 |
f |
f |
|s 09c0cfc6-f7ff-36a4-8874-d51e08118f58
|i 095f4e7e-1c3b-3130-94ac-43ecb5f7f946
|t 0
|
| 952 |
f |
f |
|a Texas A&M University
|b College Station
|c Electronic Resources
|d Available Online
|t 0
|e Y 3.P 31:20/86
|h Superintendent of Documents classification
|
| 998 |
f |
f |
|a Y 3.P 31:20/86
|t 0
|l Available Online
|